[Event "Zagreb Damjanovic Memorial 3rd"]
[Site "Zagreb"]
[Date "2019.11.12"]
[Round "4"]
[White "Lasic, Luka"]
[Black "Svec, Darko"]
[Result "1-0"]
[WhiteElo "2114"]
[BlackElo "1902"]
[PlyCount "89"]
[EventDate "2019.11.09"]
[EventType "swiss"]
[EventRounds "9"]
[EventCountry "CRO"]
[SourceTitle "CBM 193 Extra"]
[Source "ChessBase"]
[SourceDate "2020.01.31"]
[SourceVersion "1"]
[SourceVersionDate "2020.01.31"]
[SourceQuality "1"]

1. Nf3 Nf6 2. c4 g6 3. b3 Bg7 4. Bb2 0-0 5. g3 c6 6. Bg2 d5 7. d3 Bg4 8. h3 Bxf3 9. Bxf3 Nbd7 10. Nd2 e5 11. 0-0 Re8 12. cxd5 cxd5 13. e3 Rc8 14. d4 e4 15. Be2 Qa5 16. a3 Bf8 17. b4 Qb6 18. Qb3 Rc7 19. Rfc1 Rec8 20. Kg2 a6 21. Rxc7 Rxc7 22. Rc1 Rxc1 23. Bxc1 Bd6 24. Qc3 Qc7 25. Qxc7 Bxc7 26. f3 Nb6 27. g4 g5 28. Nb3 Nbd7 29. Nd2 Nb6 30. fxe4 dxe4 31. Nb3 Nbd7 32. Nc5 Nxc5 33. bxc5 Kf8 34. Bc4 Ke7 35. Bd2 a5 36. d5 Ke8 37. Bc3 Nd7 38. Bb5 Kd8 39. d6 Bb8 40. Bxa5+ b6 41. Bxd7 Kxd7 42. Bxb6 Kc6 43. a4 Bxd6 44. cxd6 Kxb6 45. a5+ 1-0

[Event "CRO-chT2 Center 26th"]
[Site "Croatia"]
[Date "2017.04.02"]
[Round "3.42"]
[White "Marangunic, Srdjan"]
[Black "Lasic, Luka"]
[Result "1-0"]
[WhiteElo "2346"]
[BlackElo "2151"]
[PlyCount "77"]
[EventDate "2017.03.26"]
[EventType "team-tourn"]
[EventRounds "11"]
[EventCountry "CRO"]
[SourceTitle "EXT 2019"]
[Source "ChessBase"]
[SourceDate "2018.10.10"]
[SourceVersion "1"]
[SourceVersionDate "2018.10.10"]
[SourceQuality "1"]

1. Nf3 d5 2. d4 Nf6 3. e3 e6 4. c4 Be7 5. Nc3 0-0 6. a3 b6 7. Bd3 Bb7 8. cxd5 exd5 9. b4 Nbd7 10. 0-0 Re8 11. Bb2 Ne4 12. Qc2 Ndf6 13. b5 Bd6 14. Ne2 Nd7 15. a4 Qe7 16. a5 g6 17. a6 Bc8 18. Nf4 Ndf6 19. Ne5 Ng5 20. Qc6 Be6 21. Nxe6 fxe6 22. f3 Nf7 23. Rac1 Rab8 24. Rc2 Kg7 25. Re2 Rf8 26. g3 Nh6 27. Kg2 Nf7 28. h3 Nd8 29. Qc2 Nd7 30. f4 Rc8 31. e4 Bxe5 32. fxe5 Rxf1 33. Kxf1 Qg5 34. Kg2 dxe4 35. Bxe4 Nf7 36. Bb7 Rd8 37. Qxc7 Ndxe5 38. d5 Qh5 39. g4 1-0

[Event "CRO-chT2 Center 25th"]
[Site "Croatia"]
[Date "2016.04.10"]
[Round "3.65"]
[White "Ivekovic, Benjamin"]
[Black "Lasic, Luka"]
[Result "0-1"]
[WhiteElo "2032"]
[BlackElo "2120"]
[PlyCount "68"]
[EventDate "2016.03.13"]
[EventType "team-tourn"]
[EventRounds "11"]
[EventCountry "CRO"]
[SourceTitle "EXT 2019"]
[Source "ChessBase"]
[SourceDate "2018.10.10"]
[SourceVersion "1"]
[SourceVersionDate "2018.10.10"]
[SourceQuality "1"]

1. e4 c5 2. g3 d5 3. exd5 Qxd5 4. Nf3 Bg4 5. Bg2 Qe4+ 6. Kf1 Nc6 7. d3 Qe6 8. Be3 c4 9. d4 Nf6 10. h3 Bh5 11. Nc3 0-0-0 12. g4 Bg6 13. Nh4 Qd7 14. Nxg6 hxg6 15. g5 Nh5 16. d5 Qf5 17. Qg4 Ne5 18. Qxf5+ gxf5 19. Bxa7 e6 20. Re1 Ng6 21. dxe6 fxe6 22. Rxe6 Ngf4 23. Re5 Bb4 24. Bf3 g6 25. Be3 Bxc3 26. bxc3 Rd7 27. Rc5+ Rc7 28. Ke1 Rxc5 29. Bxc5 Ne6 30. Bd4 Re8 31. Bxh5 gxh5 32. Kd2 Nxg5 33. Be3 Ne4+ 34. Ke2 f4 0-1

[Event "CRO-chT2 Center"]
[Site "Croatia"]
[Date "2015.10.18"]
[Round "10.62"]
[White "Blazeka, Matej"]
[Black "Lasic, Luka"]
[Result "1/2-1/2"]
[WhiteElo "2325"]
[BlackElo "2151"]
[PlyCount "30"]
[EventDate "2015.03.22"]
[EventType "team-tourn"]
[EventRounds "11"]
[EventCountry "CRO"]
[SourceTitle "EXT 2016"]
[Source "ChessBase"]
[SourceDate "2015.10.08"]
[SourceVersion "1"]
[SourceVersionDate "2015.10.08"]
[SourceQuality "1"]

1. e4 e5 2. Nf3 Nc6 3. Bb5 a6 4. Bxc6 dxc6 5. d4 exd4 6. Qxd4 Qxd4 7. Nxd4 Bd7 8. Nc3 0-0-0 9. Be3 Be7 10. f3 Bf6 11. 0-0-0 Ne7 12. Nce2 Ng8 13. Nc3 Ne7 14. Nce2 Ng8 15. Nc3 Ne7 1/2-1/2

[Event "SLO-chT1 East"]
[Site "Celje"]
[Date "2014.10.11"]
[Round "4"]
[White "Horvath, Tamas"]
[Black "Lasic, Luka"]
[Result "1-0"]
[WhiteElo "2386"]
[BlackElo "2238"]
[PlyCount "75"]
[EventDate "2014.10.09"]
[EventType "team-tourn"]
[EventRounds "9"]
[EventCountry "SLO"]
[SourceTitle "EXT 2019"]
[Source "ChessBase"]
[SourceDate "2018.10.10"]
[SourceVersion "1"]
[SourceVersionDate "2018.10.10"]
[SourceQuality "1"]
[WhiteTeam "Rokada Lendava"]
[BlackTeam "Celje"]
[WhiteTeamCountry "SLO"]
[BlackTeamCountry "SLO"]

1. e4 e5 2. Nf3 Nc6 3. Bb5 a6 4. Ba4 Nf6 5. 0-0 Be7 6. Bxc6 dxc6 7. Nc3 Nd7 8. d4 Bf6 9. Be3 0-0 10. Qd2 Qe7 11. Rad1 Re8 12. Rfe1 h6 13. h3 Qf8 14. a3 Nb6 15. dxe5 Nc4 16. Qc1 Nxe5 17. Nxe5 Bxe5 18. Bd4 Bd6 19. e5 Be7 20. Qf4 Be6 21. Ne4 Rad8 22. Bc3 b6 23. Rxd8 Rxd8 24. Re3 Rd1+ 25. Kh2 Qd8 26. Rg3 Bg5 27. Nf6+ Bxf6 28. Qxh6 Bg5 29. Rxg5 Qf8 30. Qh5 Rc1 31. f4 Qc5 32. Qe2 Qg1+ 33. Kg3 g6 34. f5 Bxf5 35. e6 Rxc2 36. exf7+ Kxf7 37. Rxf5+ gxf5 38. Qxc2 1-0

[Event "SLO-chT1 East"]
[Site "Celje"]
[Date "2014.10.10"]
[Round "2"]
[White "Lasic, Luka"]
[Black "Tomazini, Zan"]
[Result "0-1"]
[WhiteElo "2238"]
[BlackElo "2370"]
[PlyCount "100"]
[EventDate "2014.10.09"]
[EventType "team-tourn"]
[EventRounds "9"]
[EventCountry "SLO"]
[SourceTitle "EXT 2019"]
[Source "ChessBase"]
[SourceDate "2018.10.10"]
[SourceVersion "1"]
[SourceVersionDate "2018.10.10"]
[SourceQuality "1"]
[WhiteTeam "Celje"]
[BlackTeam "Slovenska Bistrica Impol"]
[WhiteTeamCountry "SLO"]
[BlackTeamCountry "SLO"]

1. e4 e5 2. Nf3 Nc6 3. Bb5 a6 4. Ba4 Nge7 5. Nc3 g6 6. d4 exd4 7. Nd5 Bg7 8. Bg5 h6 9. Bf6 Kf8 10. Nxd4 Bxf6 11. Nxf6 Nf5 12. exf5 Qxf6 13. Nxc6 dxc6 14. fxg6 Qe5+ 15. Kf1 fxg6 16. Qd2 Kg7 17. Re1 Qf6 18. Qb4 Rd8 19. Bb3 Rd6 20. Qa5 b6 21. Qe5 Qxe5 22. Rxe5 Kf6 23. Re1 Bf5 24. f3 a5 25. a4 Rd2 26. Re2 Rd1+ 27. Re1 Rad8 28. g4 Bc8 29. Kf2 R1d2+ 30. Kg3 c5 31. Re4 R8d4 32. Rhe1 c4 33. Bxc4 Rxe4 34. Rxe4 Rxc2 35. b3 Rc3 36. h4 g5 37. h5 Bd7 38. Kf2 c6 39. Rd4 Ke7 40. f4 b5 41. axb5 cxb5 42. Bd5 gxf4 43. Rxf4 Kd6 44. Bg8 Ke5 45. Rf3 Rxf3+ 46. Kxf3 Be6 47. Bh7 Bxb3 48. g5 hxg5 49. h6 a4 50. Bd3 Kf6 0-1

[Event "Velika Gorica op 12th"]
[Site "Velika Gorica"]
[Date "2014.08.25"]
[Round "6"]
[White "Zufic, Miroslav"]
[Black "Lasic, Luka"]
[Result "1-0"]
[WhiteElo "2477"]
[BlackElo "2225"]
[PlyCount "72"]
[EventDate "2014.08.18"]
[EventType "swiss"]
[EventRounds "9"]
[EventCountry "CRO"]
[SourceTitle "EXT 2015"]
[Source "ChessBase"]
[SourceDate "2014.11.20"]
[SourceVersion "1"]
[SourceVersionDate "2014.11.20"]
[SourceQuality "1"]

1. e4 e5 2. Nf3 Nc6 3. Bb5 a6 4. Ba4 Nf6 5. 0-0 Be7 6. Re1 b5 7. Bb3 0-0 8. h3 d6 9. c3 Na5 10. Bc2 c5 11. d4 Qc7 12. Nbd2 Bd7 13. dxe5 dxe5 14. Nh2 Rfd8 15. Qf3 Be6 16. Ndf1 b4 17. Bg5 Rab8 18. Ne3 bxc3 19. bxc3 Rb2 20. Re2 Nc4 21. Bxf6 Bxf6 22. Nd5 Qb8 23. Nxf6+ gxf6 24. Qxf6 Na3 25. Rd1 Rxd1+ 26. Bxd1 Rxe2 27. Bxe2 Qb1+ 28. Nf1 Qxe4 29. Ng3 Qd5 30. Bf3 Qd2 31. Qxe5 Nc4 32. Qb8+ Kg7 33. Nh5+ Kg6 34. Qg8+ Kf5 35. Qg7 Qe1+ 36. Kh2 Qe5+ 1-0

[Event "Zagreb op"]
[Site "Zagreb"]
[Date "2014.03.19"]
[Round "3"]
[White "Zufic, Miroslav"]
[Black "Lasic, Luka"]
[Result "1-0"]
[WhiteElo "2458"]
[BlackElo "2253"]
[PlyCount "81"]
[EventDate "2014.03.17"]
[EventType "swiss"]
[EventRounds "9"]
[EventCountry "CRO"]
[SourceTitle "CBM 159 Extra"]
[Source "ChessBase"]
[SourceDate "2014.04.24"]
[SourceVersion "1"]
[SourceVersionDate "2014.04.24"]
[SourceQuality "1"]

1. e4 c5 2. Nf3 d6 3. d4 cxd4 4. Nxd4 Nf6 5. Nc3 g6 6. Be2 Bg7 7. 0-0 0-0 8. Re1 Nc6 9. Nb3 Be6 10. Bf1 a5 11. a4 Bxb3 12. cxb3 Nd7 13. Be3 Nc5 14. Bc4 Rc8 15. Rc1 Nb4 16. Re2 Nc6 17. h3 Re8 18. f3 Be5 19. Rd2 Qc7 20. Nd5 Qb8 21. f4 Bg7 22. Qf3 Rcd8 23. Rcd1 Nd7 24. g4 Nf6 25. Bb6 Rc8 26. Nxf6+ Bxf6 27. g5 Bg7 28. h4 Bf8 29. h5 e6 30. Rh2 d5 31. exd5 exd5 32. Bxd5 Ne7 33. hxg6 hxg6 34. Bd4 Bg7 35. Bxg7 Kxg7 36. Bc4 Ng8 37. Qc3+ Kf8 38. Rh7 Qxf4 39. Qg7+ Ke7 40. Qxf7+ Qxf7 41. Rxf7# 1-0

[Event "Velika Gorica op 10th"]
[Site "Velika Gorica"]
[Date "2012.08.27"]
[Round "7"]
[White "Lasic, Luka"]
[Black "Turcin, Lovro"]
[Result "0-1"]
[WhiteElo "2243"]
[BlackElo "1798"]
[PlyCount "94"]
[EventDate "2012.08.20"]
[EventType "swiss"]
[EventRounds "9"]
[EventCountry "CRO"]
[SourceTitle "CBM 150 Extra"]
[Source "ChessBase"]
[SourceDate "2012.10.19"]
[SourceVersion "1"]
[SourceVersionDate "2012.10.19"]
[SourceQuality "1"]

1. d4 Nf6 2. c4 g6 3. Nc3 d5 4. cxd5 Nxd5 5. Bd2 Bg7 6. e4 Nxc3 7. Bxc3 c5 8. d5 Bxc3+ 9. bxc3 Qc7 10. Qd2 0-0 11. f4 Rd8 12. Nf3 Nc6 13. Qe3 Na5 14. c4 b6 15. Bd3 Ba6 16. Rc1 Qd7 17. 0-0 Qa4 18. f5 Bxc4 19. Qh6 Bxd3 20. Kh1 Bxe4 21. Ng5 Bxg2+ 22. Kxg2 Qg4+ 23. Kh1 Qh5 24. Qxh5 gxh5 25. Rg1 Kg7 26. Ne6+ Kf6 27. Nxd8 Rxd8 28. Rcd1 Nc4 29. Rd3 Ne5 30. Ra3 Rd7 31. Rf1 c4 32. Kg2 Nd3 33. Kf3 Ke5 34. Kg3 Kxd5 35. Kh4 Kd4 36. Kxh5 b5 37. Kh6 c3 38. Kxh7 c2 39. h4 b4 40. Rb3 a5 41. h5 a4 42. Rxd3+ Kxd3 43. h6 Rd5 44. Kg7 Rxf5 45. Rxf5 c1Q 46. h7 Qc3+ 47. Kg8 Qc8+ 0-1